[Event "Linares FEDC-ch 24th"]
[Site "Linares"]
[Date "2014.11.23"]
[Round "8"]
[White "Fernandez, Miguel"]
[Black "Mena Lena, Antonio"]
[Result "1-0"]
[WhiteElo "1707"]
[BlackElo "1296"]
[PlyCount "65"]
[EventDate "2014.11.16"]
[EventType "swiss"]
[EventRounds "8"]
[EventCountry "ESP"]
[SourceTitle "CBM 163 Extra"]
[Source "ChessBase"]
[SourceDate "2014.12.23"]
[SourceVersion "1"]
[SourceVersionDate "2014.12.23"]
[SourceQuality "1"]

1. e4 e6 2. d4 b6 3. Nf3 Bb7 4. Nbd2 d5 5. e5 Ne7 6. Bd3 Nec6 7. c3 Be7 8. 0-0 0-0 9. Qc2 f5 10. exf6 Bxf6 11. Bxh7+ Kh8 12. Re1 Ne7 13. Rxe6 Bc8 14. Re1 c5 15. dxc5 bxc5 16. Bd3 Qd7 17. Nf1 Nf5 18. Bf4 Nc6 19. Ng3 Nce7 20. Be5 c4 21. Bf1 Ng6 22. Bxf6 gxf6 23. Rad1 Nf4 24. Bxc4 Qh7 25. Bxd5 Rb8 26. Be4 Rb5 27. Nd4 Rc5 28. Ngxf5 Qg6 29. Nh4 Qg7 30. g3 Qg5 31. Ng6+ Nxg6 32. Bxg6 Bb7 33. Ne6 1-0

[Event "Linares FEDC-ch 24th"]
[Site "Linares"]
[Date "2014.11.22"]
[Round "7"]
[White "Gil Dominguez, Angel Jesus"]
[Black "Fernandez, Miguel"]
[Result "1-0"]
[WhiteElo "1571"]
[BlackElo "1707"]
[PlyCount "101"]
[EventDate "2014.11.16"]
[EventType "swiss"]
[EventRounds "8"]
[EventCountry "ESP"]
[SourceTitle "CBM 163 Extra"]
[Source "ChessBase"]
[SourceDate "2014.12.23"]
[SourceVersion "1"]
[SourceVersionDate "2014.12.23"]
[SourceQuality "1"]

1. Nf3 Nf6 2. Nc3 d5 3. d4 e6 4. Bg5 Nbd7 5. Ne5 h6 6. Bh4 g5 7. Bg3 Bg7 8. Nb5 0-0 9. Nd3 Ne8 10. e3 a6 11. Nc3 Nef6 12. h4 g4 13. Ne5 h5 14. f3 gxf3 15. gxf3 Nb6 16. Bf4 Nfd7 17. Rg1 Qxh4+ 18. Bg3 Qe7 19. Bf4 Kh8 20. Bg5 Nf6 21. f4 Nbd7 22. Rh1 b5 23. Rxh5+ Kg8 24. Qd3 Re8 25. Nxd7 Bxd7 26. 0-0-0 b4 27. Ne2 Bb5 28. Qd2 Qd6 29. Bxf6 Bxf6 30. Ng3 Bxf1 31. Rxf1 c5 32. Rg1 Kf8 33. e4 Bg7 34. e5 Qb6 35. Ne2 c4 36. c3 a5 37. Rh7 b3 38. a3 Bxe5 39. fxe5 Ke7 40. Qg5+ Kd7 41. Rxf7+ Kc8 42. Rgf1 Ra7 43. R7f6 Qc7 44. Qg6 Qd8 45. Rxe6 Rg8 46. Rc6+ Rc7 47. Qe6+ Kb8 48. Rb6+ Ka7 49. Ra6+ Kb7 50. Qb6+ Kc8 51. Ra8+ 1-0

[Event "Linares FEDC-ch 24th"]
[Site "Linares"]
[Date "2014.11.17"]
[Round "2"]
[White "Fernandez, Miguel"]
[Black "Coves Sepulcre, Laureano"]
[Result "0-1"]
[WhiteElo "1707"]
[BlackElo "1840"]
[PlyCount "58"]
[EventDate "2014.11.16"]
[EventType "swiss"]
[EventRounds "8"]
[EventCountry "ESP"]
[SourceTitle "CBM 163 Extra"]
[Source "ChessBase"]
[SourceDate "2014.12.23"]
[SourceVersion "1"]
[SourceVersionDate "2014.12.23"]
[SourceQuality "1"]

1. d4 d5 2. f4 Nf6 3. Nf3 g6 4. e3 Bg7 5. Bd3 c5 6. c3 0-0 7. 0-0 Nc6 8. Ne5 c4 9. Bc2 Bf5 10. Bxf5 gxf5 11. Bd2 e6 12. Be1 Ne4 13. Nd2 f6 14. Bh4 Ne7 15. Nef3 Ng6 16. Qe1 Qe8 17. Nxe4 fxe4 18. Nd2 Nxh4 19. Qxh4 f5 20. Rf2 Kh8 21. Kh1 Bf6 22. Qh3 Rg8 23. Rg1 Rg4 24. Qh6 Qg6 25. Qh3 Rh4 26. Nf3 exf3 27. Qxf3 Qh5 28. g4 fxg4 29. Qe2 Rg8 0-1